000 00434nam a2200169Ia 4500
003 GCL
008 140319s9999 xx 000 0 ara d
040 _aGCL /
_cGCL
082 0 4 _a811.072
_bن ك
100 1 _aنوال حلاوة
245 1 0 _aكان ياماكان /
_cنوال حلاوة
260 _a[S.N] :
_bدار الجيل
300 _a19 ص
490 _a
650 0 4 _aالشعر الاجتماعى
942 _2ddc
_cBK
999 _c53583
_d53583